| 000 | 00450nam a2200181Ia 4500 | ||
|---|---|---|---|
| 001 | 8080 | ||
| 003 | IN-NITTTR | ||
| 005 | 20251114233034.0 | ||
| 008 | 251113s9999||||xx |||||||||||||| ||eng|| | ||
| 040 | _beng | ||
| 040 | _cIN-NITTTR | ||
| 041 | _aeng | ||
| 082 | _a621.3192 A23E | ||
| 100 | _aAnderson, L.W. | ||
| 245 | 0 |
_aElectric circuits and modern electronics / _cAnderson, L.W., Beeman, W. W. |
|
| 700 | _a Beeman, W. W. | ||
| 942 |
_2ddc _cBK |
||
| 999 |
_c10718 _d10718 |
||